Patriarches de la Genèse - version difficile - Statistiques

Statistiques générales
  • Ce quiz a été pris 57 fois
  • Le résultat moyen est 17 sur 35
Statistiques - réponses
Indice Réponse % Correct
1 A passé une alliance avec Dieu Abraham
98%
2 Épouse de 1 Sara
92%
6 Fils de 1 et 2 Isaac
90%
11 Fils cadet de 6 et 7 Jacob
86%
5 Fils de 1 et 4 Ismaël
82%
7 Femme de 6 Rebecca
78%
14 Fille cadette de 9 Rachel
76%
12 Autre nom de 11 Israël
75%
29 Deuxième fils de 11 et 14 Benjamin
73%
10 Fils aîné de 6 et 7 Esaü
73%
28 Premier fils de 11 et 14 Joseph
73%
13 Fille aînée de 9 Léa
73%
3 Neveu de 1 Lot
69%
4 Servante de 2 Agar
59%
19 Troisième fils de 11 et 13 Lévi
57%
17 Premier fils de 11 et 13 Ruben
57%
20 Quatrième fils de 11 et 13 Juda
51%
9 Frère de 7 Laban
45%
18 Deuxième fils de 11 et 13 Siméon
41%
21 Premier fils de 11 et 16 Dan
35%
27 Fille de 11 et 13 Dina
33%
23 Premier fils de 11 et 15 Gad
33%
34 Premier fils de 28 et 33 Manassé
33%
26 Sixième fils de 11 et 13 Zabulon
33%
35 Deuxième fils de 28 et 33 Ephraïm
31%
22 Deuxième fils de 11 et 16 Nephtali
31%
15 Servante de 13 Zilpa
24%
16 Servante de 14 Bilha
22%
25 Cinquième fils de 11 et 13 Issacar
22%
30 Premiers fils de 20 Er | Onan | Shéla
18%
31 Belle-fille de 20 Tamar
18%
33 Épouse de 28 Asnath
16%
24 Deuxième fils de 11 et 15 Asher
14%
32 Fils de 31 Pérets | Térach
14%
8 Père de 7 Béthuel
12%
Aucun quiz correspondant
Distribution des résultats
% des personnes avec chaque résultat
Percentile par nombre de réponses
Votre historique - résultats
Vous n’avez pas pris ce quiz